000 00282nam a2200121Ia 4500
008 220204s9999 xx 000 0 und d
082 _bSET
100 _aLal, J
245 0 _aProvident fund manual. 1978
260 _aAllahabad
_bLaw Pub
_c1978
700 _aSeth, D D
942 _cBK
999 _c29431
_d29431